01289cam a2200253 a 450000100100000000500170001000800410002704000230006808200170009110000680010824501270017626001460030330000280044949000790047749000350055665000320059165000330062370000320065671000640068883001140075291000340086695201200090099900150102000000458920200929151451.0881229s1987 ec a 000 p spa  aDO-SdBNPcDLCdDLC aE861.4bO74c1 aOrozco, José deq(José Clemente Orozco),d1883-1949.91338613aLa conquista de Menorca :bpoema épico en 4 cantos /cJosé de Orozco; con un ensayo crítico por Alejandro Carrión. aQuito, Ecuador :bComisión Nacional Permanente de Conmemoraciones Cívicas.bCasa de la Cultura Ecuatoriana "Benjamín Carrión",c1987. a120 p. :bil. ;c18 cm.1 aContribución al quinto centenario del descubrimiento de Américavno. 21 aEncuentro de dos Mundosano. 2 4aPoesía ecuatoriana913387 4aLiteratura ecuatoriana939381 aCarrión, Alejandro9133881 aCasa de la Cultura Ecuatoriana "Benjamín Carrión"99129 0aContribución al quinto centenario del descubrimiento de América,pEncuentro de dos Mundos ;vno. 2913389 aCatalogación por copia / LC 001052708MOaGRbGRcCTd2009-07-23iLF1l0oE861.4 O74cp4589-10r2020-06-25w2020-06-25y2ZPréstamo interno c4397d4397